[Event "Helmond Rapid op"]
[Site "Helmond"]
[Date "2023.06.10"]
[Round "3"]
[White "Gayen, Arish"]
[Black "Roskam, Mathieu"]
[Result "0-1"]
[WhiteElo "1395"]
[BlackElo "1942"]
[PlyCount "54"]
[EventDate "2023.06.10"]
[EventType "swiss (rapid)"]
[EventRounds "9"]
[EventCountry "NED"]
[SourceTitle "CBM 214 Extra"]
[Source "ChessBase"]
[SourceDate "2023.07.31"]
[SourceVersion "1"]
[SourceVersionDate "2023.07.31"]
[SourceQuality "1"]

1. e4 e5 2. Nf3 Nf6 3. Nxe5 d6 4. Nf3 Nxe4 5. Qe2 Qe7 6. d3 Nf6 7. Nc3 Qxe2+ 8. Bxe2 Be7 9. 0-0 0-0 10. Bg5 c6 11. Ne4 Nxe4 12. Bxe7 Re8 13. dxe4 Rxe7 14. Bd3 Nd7 15. Rfe1 Nc5 16. Bc4 Nxe4 17. Ng5 d5 18. Nxe4 Rxe4 19. Rxe4 dxe4 20. Re1 Bf5 21. Bb3 Rd8 22. Kf1 Kf8 23. Ke2 Bg6 24. Rd1 Bh5+ 25. f3 exf3+ 26. gxf3 Bxf3+ 27. Kxf3 Rxd1 0-1